Top of the Spot estate (Record n. 99245)

Dettagli MARC
000 -LEADER
fixed length control field 04151njm a2200529Ia 4500
001 - CONTROL NUMBER
control field F2193
003 - CONTROL NUMBER IDENTIFIER
control field IT-RoPAU
005 - DATE AND TIME OF LATEST TRANSACTION
control field 20220918181114.0
008 - FIXED-LENGTH DATA ELEMENTS--GENERAL INFORMATION
fixed length control field 131025s9999 xx 000 0 und d
040 ## - CATALOGING SOURCE
Original cataloging agency IT-RoPAU
040 ## - CATALOGING SOURCE
Transcribing agency IT-RoPAU
999 ## - SYSTEM CONTROL NUMBERS (KOHA)
Koha Dewey Subclass [OBSOLETE] n.d.
100 ## - MAIN ENTRY--PERSONAL NAME
Personal name AA.VV.
9 (RLIN) 794
100 ## - MAIN ENTRY--PERSONAL NAME
Relator term Autore musica
9 (RLIN) 32504
100 ## - MAIN ENTRY--PERSONAL NAME
Miscellaneous information Codice autore musica SPICS: 12000
9 (RLIN) 796
245 ## - TITLE STATEMENT
Title Top of the Spot estate
250 ## - EDITION STATEMENT
Edition statement 1a ed.
260 ## - PUBLICATION, DISTRIBUTION, ETC. (IMPRINT)
Place of publication, distribution, etc. ITALIA
260 ## - PUBLICATION, DISTRIBUTION, ETC. (IMPRINT)
Name of publisher, distributor, etc. POLYGRAM
Date of publication, distribution, etc. 1998 [1a Ed.:0]
300 ## - PHYSICAL DESCRIPTION
Extent COMPACT DISC
300 ## - PHYSICAL DESCRIPTION
Dimensions 57 minuti (Testo: 0 pag.)
500 ## - GENERAL NOTE
General note Spot tv. 16 famose pubblicità.
505 ## - FORMATTED CONTENTS NOTE
Formatted contents note Tubthumping [(dallo spot tv Renault Kangoo) (Chumbawamba) (4:00)] - Someday [(dallo spot tv Averna) (Michael Learns To Rock) (4:00)] - Mas que nada [(dallo spot tv Nike) (Tamba Trio) (3:00)] - Mad About the Boy [(dallo spot tv Levi's) (Washington Dinah) (3:00)] - Prince Igor [(dallo spot tv Lorenz Orologi) (Warren G) (5:00)] - Carolyn's Fingers [(dallo spot tv Honda Civic) (Cocteau Twins) (4:00)] - Om Namah Shiva [(dallo spot tv Renault Megane Scenic) (Wobble Jah) (5:00)] - Can't Take My Eyes Off You [(dallo spot tv Peugeot 306 Station Wagon) (Williams Andy) (4:00)] - Tu vuò fà l'americano [(dallo spot tv Dockers) (Williams Andy) (3:00)] - Born Slippy [(dallo spot tv Opel Astra) (Underworld) (4:00)] - My Heart [(dallo spot tv Breil) (Xama) (4:00)] - More Than This [(dallo spot tv Suzuki Gamma Auto) (Roxy Music) (5:00)] - The Sound of [(dallo spot tv Harmony) (Arden Richards J.) (4:00)] - Bullit [(dallo spot tv Ford Puma) (Schifrin Lalo) (3:00)] - Let's Do It Let's Fall In Love [(dallo spot tv Toyota Corolla) (Fitzgerald Ella) (4:00)] - Raw [(dallo spot tv G-Shock Orologi) (Chief & Soci) (5:00)]
650 ## - SUBJECT ADDED ENTRY--TOPICAL TERM
Topical term or geographic name as entry element COLONNA SONORA [COMPACT DISC]
Relator term Codice MATERIA SPICS: 9949
9 (RLIN) 32505
700 ## - ADDED ENTRY--PERSONAL NAME
Personal name Chumbawamba
Dates associated with a name Codice autore testo/musica SPICS: 50682
Relator term Autore testo/musica
Name of part/section of a work Tubthumping
9 (RLIN) 32506
700 ## - ADDED ENTRY--PERSONAL NAME
Personal name Rigter Jascha
Dates associated with a name Codice autore musica SPICS: 50692
Relator term Autore musica
Name of part/section of a work Someday
9 (RLIN) 32507
700 ## - ADDED ENTRY--PERSONAL NAME
Personal name Ben
Dates associated with a name Codice autore testo/musica SPICS: 15610
Relator term Autore testo/musica
Name of part/section of a work Mas que nada
9 (RLIN) 32508
700 ## - ADDED ENTRY--PERSONAL NAME
Personal name Coward N.
Dates associated with a name Codice autore testo/musica SPICS: 14417
Relator term Autore testo/musica
Name of part/section of a work Mad About the Boy
9 (RLIN) 32509
700 ## - ADDED ENTRY--PERSONAL NAME
Personal name Volker Klaus
Dates associated with a name Codice autore musica SPICS: 593
Relator term Autore musica
Name of part/section of a work Prince Igor
9 (RLIN) 32510
700 ## - ADDED ENTRY--PERSONAL NAME
Personal name Borodin Alexandr Porfirievic
Dates associated with a name Codice autore SPICS: 10770
Relator term Autore
Name of part/section of a work Prince Igor
9 (RLIN) 32511
700 ## - ADDED ENTRY--PERSONAL NAME
Personal name Warren G
Dates associated with a name Codice autore testo/musica SPICS: 50693
Relator term Autore testo/musica
Name of part/section of a work Prince Igor
9 (RLIN) 32512
700 ## - ADDED ENTRY--PERSONAL NAME
Personal name Cocteau Twins
Dates associated with a name Codice autore testo/musica SPICS: 50694
Relator term Autore testo/musica
Name of part/section of a work Carolyn's Fingers
9 (RLIN) 32513
700 ## - ADDED ENTRY--PERSONAL NAME
Personal name Wobble Jah
Dates associated with a name Codice autore testo/musica SPICS: 50695
Relator term Autore testo/musica
Name of part/section of a work Om Namah Shiva
9 (RLIN) 32514
700 ## - ADDED ENTRY--PERSONAL NAME
Personal name Gaudio Bob
Dates associated with a name Codice autore musica SPICS: 50696
Relator term Autore musica
Name of part/section of a work Can't Take My Eyes Off You
9 (RLIN) 32515
700 ## - ADDED ENTRY--PERSONAL NAME
Personal name Crewe
Dates associated with a name Codice autore testo/musica SPICS: 27721
Relator term Autore testo/musica
Name of part/section of a work Can't Take My Eyes Off You
9 (RLIN) 32516
700 ## - ADDED ENTRY--PERSONAL NAME
Personal name Carosone Renato
Dates associated with a name Codice autore musica SPICS: 9614
Relator term Autore musica
Name of part/section of a work Tu vuò fà l'americano
9 (RLIN) 32517
700 ## - ADDED ENTRY--PERSONAL NAME
Personal name Nisa (Salerno Nicola)
Dates associated with a name Codice autore testo/musica SPICS: 13452
Relator term Autore testo/musica
Name of part/section of a work Tu vuò fà l'americano
9 (RLIN) 32518
700 ## - ADDED ENTRY--PERSONAL NAME
Personal name Underworld
Dates associated with a name Codice autore testo/musica SPICS: 49894
Relator term Autore testo/musica
Name of part/section of a work Born Slippy
9 (RLIN) 32519
700 ## - ADDED ENTRY--PERSONAL NAME
Personal name Soraglia Mario
Dates associated with a name Codice autore musica SPICS: 50698
Relator term Autore musica
Name of part/section of a work My Heart
9 (RLIN) 32520
700 ## - ADDED ENTRY--PERSONAL NAME
Personal name Xama
Dates associated with a name Codice autore testo/musica SPICS: 50640
Relator term Autore testo/musica
Name of part/section of a work My Heart
9 (RLIN) 32521
700 ## - ADDED ENTRY--PERSONAL NAME
Personal name Ferry Bryan
Dates associated with a name Codice autore testo/musica SPICS: 16471
Relator term Autore testo/musica
Name of part/section of a work More Than This
9 (RLIN) 32522
700 ## - ADDED ENTRY--PERSONAL NAME
Personal name Arden Richards J.
Dates associated with a name Codice autore testo/musica SPICS: 43105
Relator term Autore testo/musica
Name of part/section of a work The Sound of
9 (RLIN) 32523
700 ## - ADDED ENTRY--PERSONAL NAME
Personal name Schifrin Lalo
Dates associated with a name Codice autore musica SPICS: 11148
Relator term Autore musica
Name of part/section of a work Bullit
9 (RLIN) 32524
700 ## - ADDED ENTRY--PERSONAL NAME
Personal name Porter Cole
Dates associated with a name Codice autore testo/musica SPICS: 13034
Relator term Autore testo/musica
Name of part/section of a work Let's Do It Let's Fall In Love
9 (RLIN) 32525
700 ## - ADDED ENTRY--PERSONAL NAME
Personal name Chief & Phase II
Dates associated with a name Codice autore testo/musica SPICS: 50699
Relator term Autore testo/musica
Name of part/section of a work Raw
9 (RLIN) 32526
942 ## - ADDED ENTRY ELEMENTS (KOHA)
Koha item type CD AUDIO
Source of classification or shelving scheme Dewey Decimal Classification
Dati di copia
Withdrawn status Lost status Damaged status Not for loan Home library Current library Date acquired Total Checkouts Full call number Date last seen Price effective from Koha item type Public note
    Buone Condizioni Not For Loan SPICS-MEDIATECA SPICS-MEDIATECA 25/10/2013   F2193 25/10/2013 25/10/2013 CD AUDIO Progr. Ins.: 22473 / N.Vol.: 1 / Copie: 1 - Copia rara: n.d. / date import: 01.01.2014 - By Epidotti, Trombetti, Vaglietti
CREDITS: SOCIETA' SAN PAOLO Via A.Severo, 58 - ROMA (RM) & PERIODICI SAN PAOLO SRL Via Giotto, 36 MILANO & CISF Via Giotto, 36 MILANO & EDIZIONI SAN PAOLO SRL,  Piazza Soncino, 5 CINISELLO BALSAMO (MI) -- ITALY